=LDR 00000nam 2200000 4500 =001 INLIS000000000009951 =005 20231214075846 =035 ##$$a 0010-061300000009951 =008 231214###########################0###### =041 ##$$a Ind =082 ##$$a 150 =090 ##$$a 155.28, Azw p =100 ##$$a Ahmadi, Abu =245 1#$$a Psikologi umum, Drs. H. Abu Ahmadi =260 ##$$a 2003 :$b Jakarta =300 ##$$a ix, 259 hlm, 21 cm =650 #4$$a Psikologi =850 ##$$a NBPNMAT =084 ##$$a 150 AHM p